[Event "69th Moscow Blitz"]
[Site "Moscow RUS"]
[Date "2015.09.06"]
[Round "9.5"]
[White "Inarkiev, Ernesto"]
[Black "Vavulin, Maksim"]
[Result "1/2-1/2"]
[WhiteTitle "GM"]
[BlackTitle "IM"]
[WhiteElo "2660"]
[BlackElo "2441"]
[WhiteFideId "4162722"]
[BlackFideId "4169530"]
[EventDate "2015.09.06"]

1. d4 g6 2. c4 Bg7 3. Nc3 c5 4. d5 d6 5. e4 e6 6. Bd3 Ne7 7. Nge2 O-O 8. h4 h6
9. Be3 Nd7 10. dxe6 fxe6 11. f4 Nf6 12. Ng3 e5 13. f5 gxf5 14. exf5 e4 15. Be2
Nxf5 16. Nxf5 Bxf5 17. g4 Be6 18. g5 Nh7 19. Qd2 Qa5 20. g6 Nf6 21. O-O-O Rad8
22. Bxh6 b5 23. Bxg7 Kxg7 24. h5 b4 25. h6+ Kxg6 26. Rdg1+ Kh7 27. Qg5 Rf7 28.
Nxe4 Nxe4 29. Bd3 Bf5 30. Qh4 Re8 31. Rg7+ Rxg7 32. hxg7+ Kxg7 33. Rg1+ Kf7 34.
Qh5+ Kf6 35. Qxe8 Qxa2 36. Qf8+ Ke5 37. Qg7+ Kf4 38. Qh6+ Ke5 39. Qh8+ Kf4 40.
Qh6+ Ke5 41. Re1 Qa1+ 42. Bb1 Kd4 43. Qe3+ Ke5 44. Qd3 Kf6 45. Rxe4 Bxe4 46.
Qxe4 a5 47. Qd5 Ke7 48. Qb7+ Ke6 49. Qe4+ Kd7 50. Qf5+ Ke7 51. Qe4+ Kd7 52. Qb7+
Ke6 53. Qc8+ Ke7 54. Qc7+ Ke6 55. Kc2 a4 56. Qc8+ Ke7 57. Qb7+ Ke6 58. Qe4+ Kd7
59. Qf3 Ke6 60. Qe3+ Kd7 61. Qh3+ Ke7 62. Qf3 Ke6 63. Qe3+ Kd7 64. Qg3 Ke6 65.
Qh3+ Ke7 66. Kc1 Kf6 67. Qf5+ Ke7 68. Qc2 Kd7 69. Kd2 Kc7 70. Ke2 Kd7 71. Kf3
Kc7 72. Kf4 a3 73. bxa3 Qd4+ 74. Kf3 bxa3 75. Ba2 Qe5 76. Bb3 Qd4 77. Ke2 Kb6
78. Qd2 Qe5+ 79. Kd3 Qd4+ 80. Ke2 Qe5+ 81. Kd1 Qa1+ 82. Qc1 Qd4+ 83. Kc2 Qe4+
84. Kc3 Qd4+ 85. Kc2 Qe4+ 86. Kc3 Qd4+ 87. Kc2 Qe4+ 88. Kc3 Qd4+ 89. Kc2 Qe4+
90. Kc3 1/2-1/2

[Event "69th Moscow Blitz"]
[Site "Moscow RUS"]
[Date "2015.09.06"]
[Round "10.1"]
[White "Grachev, Boris"]
[Black "Demidov, Mikhail"]
[Result "1-0"]
[WhiteTitle "GM"]
[BlackTitle "IM"]
[WhiteElo "2649"]
[BlackElo "2497"]
[WhiteFideId "4129199"]
[BlackFideId "4197143"]
[EventDate "2015.09.06"]

1. d4 d5 2. Bf4 Nf6 3. e3 c5 4. c3 e6 5. Nd2 Nc6 6. Ngf3 Bd6 7. Bg3 O-O 8. Bd3
Re8 9. Ne5 cxd4 10. exd4 Bxe5 11. dxe5 Nd7 12. Nf3 Nc5 13. Bc2 b6 14. O-O Ne4
15. Re1 Nxg3 16. hxg3 Ba6 17. Qd2 h6 18. g4 Rc8 19. Rad1 f6 20. Qf4 fxe5 21.
Nxe5 Qf6 22. Qxf6 gxf6 23. Nxc6 Rxc6 24. Rxd5 Rc7 25. Rd6 Kf7 26. Bb3 Bc4 27. f3
Ree7 28. Kf2 Rc5 29. Bxc4 Rxc4 30. Rh1 Kg6 31. Rhd1 Rcc7 32. Rd8 h5 33. gxh5+
Kxh5 34. Rg8 Rg7 35. Rxg7 Rxg7 36. Rd4 e5 37. Rd6 Kg5 38. Ke3 Rh7 39. Rd8 Rh2
40. Rd7 a5 41. a4 Kf5 42. Rd2 Ke6 43. b4 Rh1 44. Kd3 Ra1 45. Kc4 axb4 46. cxb4
Rxa4 47. Kb5 Ra8 48. Kxb6 Rb8+ 49. Ka5 Ra8+ 50. Kb5 Rb8+ 51. Kc4 Rc8+ 52. Kb3
Rb8 53. Rb2 Kd5 54. Rd2+ Ke6 55. Ra2 f5 56. Re2 Kd5 57. Rd2+ Ke6 58. Re2 Kd5 59.
Kc3 Rc8+ 60. Kd3 Rb8 61. Rb2 Ra8 62. b5 Ra3+ 63. Ke2 e4 64. b6 exf3+ 65. gxf3
Ra8 66. b7 Re8+ 67. Kf2 Rb8 68. Ke3 Ke5 69. Rb5+ Kf6 70. Kf4 Ke6 71. Rb6+ Kd5
72. Kxf5 Kc5 73. Rb1 Kc6 74. f4 Kc7 75. Ke5 Re8+ 76. Kf6 Rf8+ 77. Ke7 1-0

[Event "69th Moscow Blitz"]
[Site "Moscow RUS"]
[Date "2015.09.06"]
[Round "10.6"]
[White "Vavulin, Maksim"]
[Black "Onischuk, Alexander"]
[Result "0-1"]
[WhiteTitle "IM"]
[BlackTitle "GM"]
[WhiteElo "2441"]
[BlackElo "2662"]
[WhiteFideId "4169530"]
[BlackFideId "14101025"]
[EventDate "2015.09.06"]

1. e4 e5 2. Bc4 Nf6 3. d3 Nc6 4. Nc3 Na5 5. Qf3 Nxc4 6. dxc4 d6 7. h3 Be6 8. b3
Be7 9. Nge2 O-O 10. Be3 c6 11. O-O Qc7 12. Rad1 Rfd8 13. Ng3 g6 14. Bh6 Ne8 15.
Rd3 a6 16. a4 b5 17. cxb5 axb5 18. axb5 cxb5 19. Nf5 Rab8 20. Ra1 b4 21. Nd5
Bxd5 22. Nxe7+ Qxe7 23. Rxd5 Rdc8 24. Qd3 Qc7 25. Rc1 Qc3 26. Bd2 Qxd3 27. cxd3
Rxc1+ 28. Bxc1 Kf8 29. Bd2 Rb6 30. Ra5 Nc7 31. Ra7 Ne6 32. Be3 Rc6 33. Rb7 Nc5
34. Rxb4 Nxd3 35. Rb7 Nc5 36. Rb8+ Ke7 37. f3 Ne6 38. b4 Rc3 39. Kf2 Rc2+ 40.
Kg1 Nd4 41. b5 Rb2 42. b6 f5 43. exf5 gxf5 44. b7 Nc6 45. Rh8 Ke6 46. Rxh7 f4
47. Bf2 Ne7 48. Bh4 Nf5 49. Bf2 Ne3 50. Rg7 d5 51. Bxe3 fxe3 52. Kf1 d4 53. Rg6+
Kd5 54. Rg7 d3 55. Rd7+ Kc4 56. g4 Rb1+ 57. Kg2 d2 58. g5 e2 0-1

[Event "69th Moscow Blitz"]
[Site "Moscow RUS"]
[Date "2015.09.06"]
[Round "10.7"]
[White "Najer, Evgeniy"]
[Black "Inarkiev, Ernesto"]
[Result "1-0"]
[WhiteTitle "GM"]
[BlackTitle "GM"]
[WhiteElo "2658"]
[BlackElo "2660"]
[WhiteFideId "4118987"]
[BlackFideId "4162722"]
[EventDate "2015.09.06"]

1. e4 e5 2. Nf3 Nc6 3. Bb5 Nf6 4. d3 d6 5. O-O Bd7 6. Re1 Be7 7. c3 O-O 8. Nbd2
Re8 9. Nf1 Bf8 10. Ng3 g6 11. h3 Bg7 12. a4 Ne7 13. Bc4 c5 14. Qb3 Rf8 15. Ng5
Be8 16. f4 exf4 17. Bxf4 Nc6 18. Qa2 Nd7 19. Rad1 Nde5 20. Bd5 h6 21. Nf3 Nxf3+
22. gxf3 Qf6 23. Ne2 g5 24. Bh2 Qxf3 25. Bxd6 Qxh3 26. d4 cxd4 27. cxd4 Bd7 28.
Qb3 Qxb3 29. Bxb3 Rfd8 30. e5 Bg4 31. Rd2 Rd7 32. Ng3 Rxd6 33. exd6 Nxd4 34. Bd5
Rd8 35. Kg2 Rxd6 36. Re8+ Kh7 37. Bxf7 Bf3+ 38. Kh2 Bc6 39. Rf2 Bxe8 40. Bxe8
Rb6 41. Nh5 Re6 42. Rf7 Nf5 43. Bd7 Re2+ 44. Kg1 Kg8 45. Rxf5 Bxb2 46. Bb5 Bd4+
47. Kf1 Re7 48. Rd5 Be5 49. Bc4 Kh7 50. Bd3+ Kg8 51. Bg6 Bc7 52. Rf5 b6 53. Kg2
a6 54. Kf3 Be5 55. Kg4 b5 56. axb5 axb5 57. Rf1 b4 58. Rd1 Bc7 59. Ra1 Rd7 60.
Nf6+ Kg7 61. Nxd7 Kxg6 62. Ra6+ Kf7 63. Ra7 Bd6 64. Kf5 b3 65. Rb7 g4 66. Ne5+
Kg8 67. Nxg4 1-0

[Event "69th Moscow Blitz"]
[Site "Moscow RUS"]
[Date "2015.09.06"]
[Round "10.8"]
[White "Mozharov, Mikhail"]
[Black "Oparin, Grigoriy"]
[Result "0-1"]
[WhiteTitle "GM"]
[BlackTitle "GM"]
[WhiteElo "2573"]
[BlackElo "2569"]
[WhiteFideId "4189825"]
[BlackFideId "24125890"]
[EventDate "2015.09.06"]

1. Nf3 d5 2. g3 Nf6 3. Bg2 c6 4. O-O Bg4 5. d4 e6 6. Ne5 Bh5 7. c4 Nbd7 8. Nc3
Be7 9. Qb3 Qb6 10. Nxd7 Nxd7 11. e4 dxe4 12. Nxe4 O-O 13. Be3 Rfd8 14. h3 Bg6
15. Rfc1 Qxb3 16. axb3 Bb4 17. Ra4 a5 18. Nc3 Nf6 19. Raa1 Rd7 20. Na4 Rad8 21.
Nc5 Re7 22. g4 h6 23. Bf1 Rb8 24. Nd3 Bxd3 25. Bxd3 Rd8 26. Be2 Ne4 27. Rd1 Red7
28. Bf3 Ng5 29. Bg2 e5 30. h4 exd4 31. hxg5 dxe3 32. Rxd7 Rxd7 33. fxe3 hxg5 34.
Bf3 Kf8 35. Rd1 Rxd1+ 36. Bxd1 Bd2 37. Kf2 Bc1 38. Kf3 Bxb2 39. Ke4 Ke7 40. Kf5
Bc1 41. Ke4 Kd6 42. Kd3 Kc5 43. e4 Bf4 44. Be2 Kb4 45. Bd1 b5 46. cxb5 cxb5 47.
Kc2 a4 48. bxa4 bxa4 49. Be2 a3 50. Kb1 Kb3 51. Bd1+ Kc3 52. Ba4 Bd6 53. Be8 f6
54. Bg6 Kd4 55. Kc2 Ke5 56. Kb3 Kf4 57. Bf5 g6 58. Bxg6 Kxg4 59. Ka2 Kf3 0-1

[Event "69th Moscow Blitz"]
[Site "Moscow RUS"]
[Date "2015.09.06"]
[Round "10.9"]
[White "Dubov, Daniil"]
[Black "Novikov, Stanislav"]
[Result "1/2-1/2"]
[WhiteTitle "GM"]
[BlackTitle "GM"]
[WhiteElo "2661"]
[BlackElo "2536"]
[WhiteFideId "24126055"]
[BlackFideId "4125371"]
[EventDate "2015.09.06"]

1. d4 Nf6 2. c4 c5 3. d5 e6 4. Nc3 exd5 5. cxd5 Bd6 6. Nb1 Bf8 7. Nc3 Bd6 8. g3
O-O 9. Bg2 Bc7 10. e4 d6 11. Nge2 a6 12. a4 Re8 13. O-O Nbd7 14. h3 Ne5 15. f4
Ng6 16. f5 Ne5 17. g4 Nfd7 18. g5 c4 19. Be3 Bb6 20. Bxb6 Qxb6+ 21. Kh2 Qe3 22.
Qc1 Qxc1 23. Rfxc1 Nc5 24. Nd4 Bd7 25. a5 Rab8 26. Nd1 b5 27. axb6 Rxb6 28. Rc2
Reb8 29. Ne3 Rxb2 30. Rac1 Rxc2 31. Rxc2 Rb4 32. Bf1 Bb5 33. Ng4 Nxg4+ 34. hxg4
Kf8 35. Nc6 Ra4 36. e5 dxe5 37. Nxe5 Ke7 38. Bxc4 Bxc4 39. Nxc4 Nd3 40. Re2+ Kd8
41. Nd6 Rxg4 42. Nxf7+ Kd7 43. Re3 Rf4 44. Rxd3 Rxf5 45. g6 hxg6 46. Rf3 Rxf3
47. Ne5+ Kd6 48. Nxf3 Kxd5 49. Kg3 a5 50. Ne1 a4 51. Nc2 Kc4 52. Kg4 Kb3 53.
Nd4+ Kc3 54. Nb5+ Kb4 55. Nd4 a3 56. Nc2+ Kb3 57. Nxa3 Kxa3 1/2-1/2

[Event "69th Moscow Blitz"]
[Site "Moscow RUS"]
[Date "2015.09.06"]
[Round "10.10"]
[White "Kobalia, Mikhail"]
[Black "Zvjaginsev, Vadim"]
[Result "1/2-1/2"]
[WhiteTitle "GM"]
[BlackTitle "GM"]
[WhiteElo "2632"]
[BlackElo "2660"]
[WhiteFideId "4119150"]
[BlackFideId "4113403"]
[EventDate "2015.09.06"]

1. e4 c5 2. Nf3 g6 3. d4 cxd4 4. Nxd4 Nc6 5. c4 Nf6 6. Nc3 d6 7. Be2 Nxd4 8.
Qxd4 Bg7 9. Bg5 O-O 10. Qd2 Qa5 11. O-O Be6 12. Rac1 Rfc8 13. b3 a6 14. f4 Rc5
15. Qe3 Re8 16. a4 Rcc8 17. Nd5 Qc5 18. Qxc5 Rxc5 19. Nxf6+ exf6 20. Bh4 Bd7 21.
Bf3 g5 22. Bf2 Rcc8 23. f5 Bc6 24. Rfe1 g4 25. Bxg4 Bxe4 26. Bf3 Bxf3 27. gxf3
Bh6 28. Rxe8+ Rxe8 29. Re1 Re5 30. Bg3 Rxf5 31. Kg2 d5 32. Re8+ Kg7 33. c5 d4
34. Rd8 Rxc5 35. Rxd4 Rc2+ 36. Kh3 Rc3 1/2-1/2

[Event "69th Moscow Blitz"]
[Site "Moscow RUS"]
[Date "2015.09.06"]
[Round "11.1"]
[White "Zvjaginsev, Vadim"]
[Black "Grachev, Boris"]
[Result "1/2-1/2"]
[WhiteTitle "GM"]
[BlackTitle "GM"]
[WhiteElo "2660"]
[BlackElo "2649"]
[WhiteFideId "4113403"]
[BlackFideId "4129199"]
[EventDate "2015.09.06"]
[EventType "blitz"]

1. e4 c5 2. c3 e6 3. Nf3 d5 4. exd5 exd5 5. Bb5+ Bd7 6. Bxd7+ Qxd7 7. O-O Bd6 8.
d4 Ne7 9. dxc5 Bxc5 10. Re1 O-O 11. Be3 Bxe3 12. Rxe3 Nbc6 13. Nbd2 1/2-1/2

[Event "69th Moscow Blitz"]
[Site "Moscow RUS"]
[Date "2015.09.06"]
[Round "11.2"]
[White "Novikov, Stanislav"]
[Black "Kobalia, Mikhail"]
[Result "0-1"]
[WhiteTitle "GM"]
[BlackTitle "GM"]
[WhiteElo "2536"]
[BlackElo "2632"]
[WhiteFideId "4125371"]
[BlackFideId "4119150"]
[EventDate "2015.09.06"]
[EventType "blitz"]

1. e4 Nf6 2. e5 Nd5 3. d4 d6 4. c4 Nb6 5. exd6 exd6 6. Nc3 Be7 7. Bd3 O-O 8.
Nge2 Nc6 9. O-O Bf6 10. b3 Re8 11. Be3 a5 12. Ne4 Bf5 13. N4g3 Bg6 14. Bxg6 hxg6
15. Qd3 Qd7 16. Rad1 a4 17. Ne4 Be7 18. d5 Ne5 19. Qc2 axb3 20. axb3 Ra6 21.
Bxb6 Rxb6 22. Ra1 Qg4 23. f3 Qh4 24. Nd4 Nd7 25. Nb5 f5 26. Nec3 c6 27. Nc7 Rc8
28. dxc6 bxc6 29. Ne6 Bf6 30. Ra7 Re8 31. Rxd7 Rxe6 32. Ne2 Ra6 33. g3 Bd4+ 34.
Kg2 Qf6 35. Nf4 Re3 36. Rf2 Rc3 37. Qd2 Bxf2 38. Rxd6 Be3 39. Qe2 Qxd6 0-1

[Event "69th Moscow Blitz"]
[Site "Moscow RUS"]
[Date "2015.09.06"]
[Round "11.3"]
[White "Oparin, Grigoriy"]
[Black "Dubov, Daniil"]
[Result "1-0"]
[WhiteTitle "GM"]
[BlackTitle "GM"]
[WhiteElo "2569"]
[BlackElo "2661"]
[WhiteFideId "24125890"]
[BlackFideId "24126055"]
[EventDate "2015.09.06"]
[EventType "blitz"]

1. e4 c5 2. Nf3 Nc6 3. Nc3 g6 4. d4 cxd4 5. Nxd4 Bg7 6. Be3 Nf6 7. Bc4 O-O 8.
Bb3 d5 9. exd5 Na5 10. Nf3 b6 11. Qd3 Bf5 12. Qd2 Ne4 13. Nxe4 Bxe4 14. c4 Rc8
15. Rc1 b5 16. c5 Nxb3 17. axb3 Bxd5 18. O-O Bxb3 19. Qb4 Bc4 20. Rfd1 Qc7 21.
b3 a5 22. Qa3 Be2 23. Rd2 Bxf3 24. gxf3 Qc6 25. Qxa5 Ra8 26. Qb6 Qxf3 27. Qxb5
Be5 28. Qc4 Rfd8 29. Rxd8+ Rxd8 30. c6 Qh3 31. Bf4 Rd4 32. Bxe5 Rxc4 33. Rxc4
Qxb3 34. Rc1 Qa3 35. Bf4 Qa6 36. c7 Qc8 37. Rb1 1-0

[Event "69th Moscow Blitz"]
[Site "Moscow RUS"]
[Date "2015.09.06"]
[Round "11.4"]
[White "Inarkiev, Ernesto"]
[Black "Mozharov, Mikhail"]
[Result "1-0"]
[WhiteTitle "GM"]
[BlackTitle "GM"]
[WhiteElo "2660"]
[BlackElo "2573"]
[WhiteFideId "4162722"]
[BlackFideId "4189825"]
[EventDate "2015.09.06"]
[EventType "blitz"]

1. d4 Nf6 2. Nf3 b6 3. g3 Bb7 4. Bg2 g6 5. O-O Bg7 6. c4 e6 7. Nc3 Ne4 8. Bd2
O-O 9. Ne5 Nxc3 10. Bxc3 Bxg2 11. Kxg2 d6 12. Nf3 Nd7 13. e4 e5 14. Re1 Qe7 15.
Qc2 Rae8 16. Rad1 h5 17. b4 exd4 18. Nxd4 Ne5 19. Ba1 h4 20. f4 Ng4 21. b5 hxg3
22. hxg3 Qd7 23. Kf3 Nf6 24. f5 Nh7 25. Nc6 gxf5 26. exf5 Rxe1 27. Rxe1 Bxa1 28.
Rxa1 Re8 29. Kf2 d5 30. Rh1 Qd6 31. Qd1 Nf6 32. Kg2 Qa3 33. Rh6 Qxa2+ 34. Kh3
Kg7 35. Qc1 Ne4 36. f6+ Kg8 37. Rh8+ 1-0

[Event "69th Moscow Blitz"]
[Site "Moscow RUS"]
[Date "2015.09.06"]
[Round "11.5"]
[White "Onischuk, Alexander"]
[Black "Najer, Evgeniy"]
[Result "1/2-1/2"]
[WhiteTitle "GM"]
[BlackTitle "GM"]
[WhiteElo "2662"]
[BlackElo "2658"]
[WhiteFideId "14101025"]
[BlackFideId "4118987"]
[EventDate "2015.09.06"]
[EventType "blitz"]

1. d4 d5 2. c4 c6 3. Nf3 Nf6 4. Nc3 dxc4 5. a4 Bf5 6. e3 e6 7. Bxc4 Bb4 8. O-O
O-O 9. Qe2 Bg6 10. e4 Bxc3 11. bxc3 Nxe4 12. Qe3 Nd7 13. a5 Re8 14. Ne5 Nd6 15.
Be2 Nf5 16. Qf4 Nxe5 17. Qxe5 Qd5 18. Qf4 e5 19. dxe5 Qxe5 20. Bg4 h5 21. Qxe5
Rxe5 22. Bxf5 Bxf5 23. Be3 c5 24. Rfd1 Rc8 25. h3 Be4 26. Rd6 Rc6 27. Rxc6 Bxc6
28. Rd1 Kh7 29. Rd6 Bb5 30. Kh2 h4 31. Rd8 Ba6 32. Rc8 c4 33. Rc5 Rxc5 1/2-1/2

[Event "69th Moscow Blitz"]
[Site "Moscow RUS"]
[Date "2015.09.06"]
[Round "11.8"]
[White "Riazantsev, Alexander"]
[Black "Sychev, Klementy"]
[Result "1-0"]
[WhiteTitle "GM"]
[BlackTitle "IM"]
[WhiteElo "2646"]
[BlackElo "2414"]
[WhiteFideId "4125029"]
[BlackFideId "4114060"]
[EventDate "2015.09.06"]
[EventType "blitz"]

1. d4 Nf6 2. c4 g6 3. Nc3 d5 4. Bf4 Bg7 5. e3 O-O 6. Nf3 c5 7. dxc5 Ne4 8. Rc1
Nd7 9. cxd5 Qa5 10. Be2 Nxc3 11. bxc3 Bxc3+ 12. Kf1 Nxc5 13. h4 Bg7 14. h5 Bd7
15. hxg6 hxg6 16. Be5 Ne4 17. Qd4 Nf6 18. d6 Rfc8 19. Re1 Bb5 20. dxe7 Bxe2+ 21.
Rxe2 Qa6 22. Ne1 Re8 23. g4 Rxe7 24. g5 Ne8 25. Bxg7 Nxg7 26. Nd3 Rc8 27. Kg2
Qc6+ 28. f3 Rd7 29. Ne5 Rxd4 30. Nxc6 Rd7 31. Nd4 b6 32. f4 Kf8 33. Rh8+ 1-0

[Event "69th Moscow Blitz"]
[Site "Moscow RUS"]
[Date "2015.09.06"]
[Round "12.7"]
[White "Mozharov, Mikhail"]
[Black "Onischuk, Alexander"]
[Result "0-1"]
[WhiteTitle "GM"]
[BlackTitle "GM"]
[WhiteElo "2573"]
[BlackElo "2662"]
[WhiteFideId "4189825"]
[BlackFideId "14101025"]
[EventDate "2015.09.06"]
[EventType "blitz"]

1. Nf3 Nf6 2. g3 d5 3. Bg2 c6 4. O-O Bf5 5. d4 e6 6. c4 Nbd7 7. Qb3 Qb6 8. Nc3
Be7 9. c5 Qxb3 10. axb3 a6 11. b4 Rc8 12. h3 h6 13. g4 Bh7 14. Bf4 Ne4 15. e3 g5
16. Bh2 h5 17. Nxe4 Bxe4 18. Nd2 Bd3 19. Rfe1 f6 20. Nb3 Bd8 21. Bd6 Kf7 22. Na5
Bxa5 23. bxa5 Rce8 24. Ra3 Bc4 25. b3 Bb5 26. Ra2 Nf8 27. f3 Ng6 28. Bf1 Rh7 29.
Bxb5 cxb5 30. Rc2 Rc8 31. e4 dxe4 32. fxe4 hxg4 33. hxg4 Rh4 34. Rg2 Nf4 35.
Bxf4 gxf4 36. g5 Rd8 37. gxf6 Kxf6 38. d5 exd5 39. e5+ Kf5 40. Rg7 0-1

[Event "69th Moscow Blitz"]
[Site "Moscow RUS"]
[Date "2015.09.06"]
[Round "12.8"]
[White "Dubov, Daniil"]
[Black "Inarkiev, Ernesto"]
[Result "1/2-1/2"]
[WhiteTitle "GM"]
[BlackTitle "GM"]
[WhiteElo "2661"]
[BlackElo "2660"]
[WhiteFideId "24126055"]
[BlackFideId "4162722"]
[EventDate "2015.09.06"]
[EventType "blitz"]

1. Nf3 Nf6 2. g3 d5 3. Bg2 e6 4. O-O Be7 5. c4 O-O 6. d4 dxc4 7. Qc2 a6 8. Rd1
b5 9. Ne5 c6 10. b3 cxb3 11. axb3 Ra7 12. Ba3 Bxa3 13. Nxa3 Qe7 14. Nd3 Rd7 15.
e3 Nd5 16. Qd2 Rdd8 17. Nc2 Bb7 18. Nc5 Bc8 19. Nb4 Nxb4 20. Qxb4 e5 21. Nxa6
Qxb4 22. Nxb4 exd4 23. exd4 Be6 24. d5 cxd5 25. Bxd5 Rd7 26. Bxe6 fxe6 27. Rxd7
Nxd7 28. Nc6 Nc5 29. b4 Nd3 30. f4 g5 31. Ra3 Ne1 32. Re3 Nc2 33. Rc3 Na1 34.
fxg5 Kg7 35. Nd4 Kg6 36. Nxe6 Re8 37. Nd4 Re4 38. Nxb5 Rxb4 39. Nd6 Kxg5 40. Kg2
Nb3 41. Kh3 Nd4 42. Ne4+ Kg6 43. Ra3 Rb6 44. Rd3 Ne6 45. Rd6 Rxd6 46. Nxd6 Ng5+
47. Kg4 h5+ 48. Kf4 Nh3+ 49. Kf3 Ng5+ 50. Ke3 Ne6 51. Ne4 Kf5 52. Nf2 Ng5 53. h3
Nxh3 54. Nxh3 Kg4 55. Ke4 1/2-1/2

[Event "69th Moscow Blitz"]
[Site "Moscow RUS"]
[Date "2015.09.06"]
[Round "12.9"]
[White "Kobalia, Mikhail"]
[Black "Oparin, Grigoriy"]
[Result "1-0"]
[WhiteTitle "GM"]
[BlackTitle "GM"]
[WhiteElo "2632"]
[BlackElo "2569"]
[WhiteFideId "4119150"]
[BlackFideId "24125890"]
[EventDate "2015.09.06"]
[EventType "blitz"]

1. e4 c5 2. Nf3 d6 3. Bb5+ Bd7 4. Bxd7+ Nxd7 5. O-O Ngf6 6. Re1 e6 7. c3 Be7 8.
d4 cxd4 9. cxd4 d5 10. e5 Ne4 11. Nbd2 f5 12. exf6 Ndxf6 13. Nxe4 dxe4 14. Qa4+
Qd7 15. Qxd7+ Kxd7 16. Ne5+ Ke8 17. Bg5 Bd6 18. Rac1 h6 19. Bh4 Bxe5 20. dxe5
Nd5 21. Rxe4 Kf7 22. f3 b5 23. Rc5 a6 24. Re2 Rhc8 25. Rec2 Rxc5 26. Rxc5 g5 27.
Bf2 Ke8 28. Rc6 Kd7 29. Rd6+ Ke7 30. Bc5 Kf7 31. Rd7+ Kg6 32. g4 Rc8 33. b4 a5
34. a3 axb4 35. axb4 Ra8 36. Kf2 Ra2+ 37. Ke1 Ra8 38. Rb7 h5 39. Rxb5 hxg4 40.
fxg4 Ra1+ 41. Kd2 Ra2+ 42. Kd3 Rxh2 43. Rb8 Rg2 44. b5 Rxg4 45. b6 Nxb6 46. Bxb6
Rg3+ 47. Ke4 Rg4+ 48. Kf3 Rf4+ 49. Ke3 Rh4 50. Rf8 Rh3+ 51. Rf3 g4 52. Rxh3 gxh3
53. Kf2 Kf5 54. Bd4 Kf4 55. Kg1 Kg3 56. Bc3 Kh4 57. Kh2 Kg4 58. Bd4 Kh4 59. Bf2+
Kg4 60. Bg3 1-0

[Event "69th Moscow Blitz"]
[Site "Moscow RUS"]
[Date "2015.09.06"]
[Round "12.10"]
[White "Zvjaginsev, Vadim"]
[Black "Novikov, Stanislav"]
[Result "1-0"]
[WhiteTitle "GM"]
[BlackTitle "GM"]
[WhiteElo "2660"]
[BlackElo "2536"]
[WhiteFideId "4113403"]
[BlackFideId "4125371"]
[EventDate "2015.09.06"]
[EventType "blitz"]

1. e4 g6 2. d4 Bg7 3. Nf3 c6 4. Nbd2 d6 5. Bd3 Nd7 6. O-O Qc7 7. Re1 e5 8. c3
Ngf6 9. Nf1 O-O 10. Ng3 b6 11. Bg5 h6 12. Bd2 Bb7 13. Qc2 Rfe8 14. h3 b5 15.
Rad1 a6 16. Qc1 Kh7 17. Bc2 c5 18. d5 c4 19. Nh2 Nc5 20. f4 exf4 21. Bxf4 Ncd7
22. Nf3 Ng8 23. Rf1 Ne5 24. Kh1 Re7 25. Rf2 Rae8 26. Rdf1 Nd3 27. Bxd3 cxd3 28.
Qd2 Nf6 29. Qxd3 Nxe4 30. Nxe4 Rxe4 31. Nd2 Re1 32. Kh2 Rxf1 33. Rxf1 f5 34. Nb3
Qc4 35. Qxc4 bxc4 36. Na5 Bxd5 37. Rd1 Be5 38. Bxe5 Rxe5 39. Rd4 Bxg2 40. Nxc4
Re2 41. Kg3 g5 42. Rd2 f4+ 43. Kh2 Rxd2 44. Nxd2 Bd5 45. c4 Bc6 46. Nb3 Kg6 47.
Nd4 Be4 48. b4 h5 49. b5 g4 50. hxg4 hxg4 51. bxa6 g3+ 52. Kh3 Kf6 53. Nb5 Ke5
54. a7 g2 55. Kh2 f3 56. Kg1 Kf4 57. Kf2 g1=Q+ 58. Kxg1 Kg3 1-0

[Event "69th Moscow Blitz"]
[Site "Moscow RUS"]
[Date "2015.09.06"]
[Round "13.1"]
[White "Novikov, Stanislav"]
[Black "Grachev, Boris"]
[Result "0-1"]
[WhiteTitle "GM"]
[BlackTitle "GM"]
[WhiteElo "2536"]
[BlackElo "2649"]
[WhiteFideId "4125371"]
[BlackFideId "4129199"]
[EventDate "2015.09.06"]
[EventType "blitz"]

1. e4 c5 2. Nf3 e6 3. g3 Nc6 4. Bg2 Nf6 5. d3 d6 6. O-O Be7 7. c3 O-O 8. Nbd2
Bd7 9. Re1 Rc8 10. a3 Ne5 11. Nxe5 dxe5 12. Nc4 Qc7 13. f4 exf4 14. Bxf4 Qd8 15.
Bd6 b5 16. Bxe7 Qxe7 17. Ne3 Bc6 18. e5 Nd7 19. Bxc6 Rxc6 20. Qh5 g6 21. Qf3
Nxe5 22. Qe4 Qc7 23. Nd5 exd5 24. Qxe5 Qd7 25. Qe7 Rc7 26. Qxd7 Rxd7 27. Re5 Rb8
28. Rae1 Kf8 29. Kf2 a5 30. R1e2 b4 31. axb4 cxb4 32. c4 dxc4 33. dxc4 Ra7 34.
b3 a4 35. bxa4 Rxa4 36. Rb2 b3 37. c5 Ra2 38. Ree2 Rxb2 39. Rxb2 Ke7 40. Ke3 Kd7
41. Kd4 Kc6 42. Kc4 f5 43. h4 Rb7 44. Kd4 Rb4+ 45. Kc3 Kxc5 0-1

[Event "69th Moscow Blitz"]
[Site "Moscow RUS"]
[Date "2015.09.06"]
[Round "13.2"]
[White "Oparin, Grigoriy"]
[Black "Zvjaginsev, Vadim"]
[Result "1/2-1/2"]
[WhiteTitle "GM"]
[BlackTitle "GM"]
[WhiteElo "2569"]
[BlackElo "2660"]
[WhiteFideId "24125890"]
[BlackFideId "4113403"]
[EventDate "2015.09.06"]
[EventType "blitz"]

1. e4 c5 2. Nf3 Nc6 3. d4 cxd4 4. Nxd4 g6 5. c4 Nxd4 6. Qxd4 Nf6 7. Nc3 Bg7 8.
Be3 O-O 9. Qd2 Qa5 10. f3 d6 11. Be2 Be6 12. Rc1 Rfc8 13. b3 Rab8 14. Nd5 Qxd2+
15. Kxd2 Nxd5 16. cxd5 Bd7 17. Bxa7 Ra8 18. Rxc8+ Bxc8 19. Rc1 Bd7 20. Rc7 Rxa7
21. Rxd7 Rxa2+ 22. Kd3 Bh6 23. Bf1 Rf2 24. Be2 Rxg2 25. Rxb7 Rxh2 26. Rxe7 Bf4
27. b4 Rh1 28. b5 Rb1 29. Kc2 Rc1+ 30. Kb2 Re1 31. Bd3 Be3 32. Rb7 Bd4+ 33. Kb3
Rc1 34. Bc2 h5 35. b6 Kg7 36. e5 dxe5 37. d6 Ra1 38. d7 Ra8 39. Be4 Rd8 40. Bc6
h4 41. Kc4 h3 42. f4 h2 43. fxe5 Bxb6 44. Rxb6 Rxd7 45. Rb1 Rd2 1/2-1/2

[Event "69th Moscow Blitz"]
[Site "Moscow RUS"]
[Date "2015.09.06"]
[Round "13.3"]
[White "Inarkiev, Ernesto"]
[Black "Kobalia, Mikhail"]
[Result "1/2-1/2"]
[WhiteTitle "GM"]
[BlackTitle "GM"]
[WhiteElo "2660"]
[BlackElo "2632"]
[WhiteFideId "4162722"]
[BlackFideId "4119150"]
[EventDate "2015.09.06"]
[EventType "blitz"]

1. d4 d5 2. c4 c6 3. Nf3 Nf6 4. e3 Bf5 5. Nc3 e6 6. Nh4 Be4 7. f3 Bg6 8. g3 a6
9. Nxg6 hxg6 10. Kf2 Qc7 11. Kg2 Nbd7 12. Bd2 Nb6 13. b3 Be7 14. Rc1 dxc4 15.
bxc4 c5 16. Qb3 Rd8 17. Rb1 Nfd7 18. a4 Rb8 19. Be2 O-O 20. Rhd1 Rfc8 21. a5 Na8
22. Na4 b6 23. axb6 Naxb6 24. Ba5 Bd8 25. Qa3 Nxc4 26. Bxc7 Nxa3 27. Rxb8 Nxb8
28. Bxd8 Rxd8 29. Nxc5 Nb5 30. Ra1 Nc3 31. Bc4 e5 32. dxe5 Rc8 33. Nxa6 Nxa6 34.
Bxa6 Ra8 35. f4 Nd5 36. Ra2 Nb4 37. Ra4 Nxa6 38. Kf3 Nc7 39. Rc4 Ne6 40. h4 Ra1
41. Rb4 Kf8 42. Rb8+ Ke7 43. Rb7+ Ke8 44. Rb8+ Ke7 45. Rb7+ Ke8 1/2-1/2